00682cam a2200169 a 4500020003800000020003500038040000900073082002600082100002900108245010400137246006900241260007600310300003400386650002800420650001400448710005000462 a9780896297968 (pbk. : alk. paper) a0896297969 (pbk. : alk. paper) cDNAL00a330 INT 2012 C150 Or.1 aViceisza, Angelino C. G.10aTreating the field as a lab :ba basic guide to conducting economics experiments for policymaking /30aBasic guide to conducting economics experiments for policymaking aWashington, DC :bInternational Food Policy Research Institute,cc2012. axiii, 93 p. :bill. ;c26 cm. 0aExperimental economics. 0aEconomics2 aInternational Food Policy Research Institute.